000 00748nam a2200289Ia 4500
005 20260324112118.0
008 008 260324s9999 xx 000 0 eng d
020 _a9781003505396
037 _aEBOOK
040 _aCRL
040 _beng
040 _cCRL
041 _2eng
041 _aeng
084 _qCRL
100 _aKamal Sheel; Ranjana Sheel
_91141347
245 0 _aTerritorializing the Chinese Nation-State
245 0 _bCartography, Geopolitics, and Huang Maocai's Mission to India (1878–1880)
260 _bTaylor and Francis
260 _c2024
365 _a
365 _b230
856 _uhttp://www.taylorfrancis.com/books/9781003505396
942 _cEBOOK
999 _c1730427
_d1730427